Statistics for Most Populous River Basins

Click here to take the quiz!

General Stats

  • This quiz has been taken 14,863 times
  • The average score is 10 of 19

Answer Stats

Population River Basin % Correct
360 mNile
96%
100 mMississippi
89%
200 mYellow
81%
80 mDanube
79%
600 mGanges / Brahmaputra
78%
420 mYangtze
73%
50 mRhine
66%
55 mVolga
65%
60 mCongo
55%
50 mTigris / Euphrates
54%
60 mMekong
52%
300 mIndus
48%
100 mNiger
37%
50 mSt. Lawrence
28%
100 mParanĂ¡ / Rio de la Plata
26%
250 mPearl
17%
75 mAmur
12%
70 mKrishna
4%
60 mGodavari
4%

Score Distribution

Percentile by Number Answered

Percent of People with Each Score

Your Score History

You have not taken this quiz